Statistics for UEFA Euro 2016 - Players By Letter - B

Click here to take the quiz!

General Stats

  • This quiz has been taken 27 times
  • The average score is 18 of 38

Answer Stats

First Name Surnam Country % Correct
GarethBaleWales
100%
JérômeBoatengGermany
100%
ChristianBentekeBelgium
95%
GianluigiBuffonItaly
90%
RossBarkleyEngland
85%
SergioBusquetsSpain
80%
AndreaBarzagliItaly
75%
HéctorBellerinSpain
75%
LeonardoBonucciItaly
75%
ValonBehramiSwitzerland
70%
RyanBertrandEngland
65%
MichyBatshuayiBelgium
65%
RobbieBradyIreland
55%
ArturBorucPoland
55%
BirkirBjarnasonIceland
50%
MarcBartraSpain
50%
JakubBlaszczykowskiPoland
45%
AlekseiBerezutskiRussia
45%
MarcusBergSweden
40%
Jón DaðiBöðvarssonIceland
35%
MarceloBrozovićCroatia
30%
RomanBürkiSwitzerland
30%
VolkanBabacanTurkey
30%
FedericoBernardeschiItaly
30%
MilanBadeljCroatia
30%
EtritBerishaAlbania
30%
HakanBaltaTurkey
30%
JulianBaumgartlingerAustria
25%
ChrisBairdNorthern Ireland
20%
DánielBödeHungary
15%
BekimBalajAlbania
15%
BarnabásBeseHungary
10%
MigjenBashaAlbania
10%
DenysBoykoUkraine
5%
PylypBudkivskyiUkraine
0%
BohdanButkoUkraine
0%

Score Distribution

Percentile by Number Answered

Percent of People with Each Score

Your Score History

You have not taken this quiz